Statistiques concernant Paroles : Rose Ninho

Cliquez ici pour prendre le quiz!

Statistiques générales

  • Ce quiz a été pris 486 fois
  • Le résultat moyen est 333 sur 492

Statistiques - réponses

Réponse% Correct
à
98%
a
98%
d'
98%
J'
98%
j'
98%
m'
97%
t'
97%
L'
96%
l'
96%
qu'
96%
c'
95%
ai
93%
Ma
93%
ma
93%
s'
93%
n'
92%
es
91%
le
91%
Le
91%
mais
91%
Mais
91%
tout
91%
De
90%
de
90%
dans
89%
Dans
89%
est
89%
la
88%
La
88%
quand
88%
je
86%
Un
86%
un
86%
suis
85%
Tu
84%
tu
84%
ça
83%
en
83%
me
83%
pas
83%
on
81%
On
81%
sûr
81%
sur
81%
plus
80%
Plus
80%
se
80%
pers
79%
que
79%
ce
78%
et
78%
pris
78%
dormais
77%
les
77%
pour
76%
rose
76%
vu
76%
Allongé
75%
personne
75%
canapé
74%
maison
74%
rentrer
74%
te
74%
sous
72%
fruit
70%
hantée
70%
défendu
69%
nous
69%
Croquer
68%
ne
68%
Ne
68%
tire
68%
une
68%
Une
68%
donner
67%
pommier
67%
fait
66%
qui
66%
chérie
65%
assis
64%
enquête
64%
gagner
64%
premier
64%
prénoms
64%
sera
64%
seront
64%
du
63%
il
63%
Il
63%
réseau
63%
souris
63%
donnés
62%
dose
62%
être
62%
lui
62%
offre
62%
tricher
62%
menée
61%
promis
61%
nourrice
60%
voudrait
60%
affolée
59%
entends
59%
or
59%
armés
58%
Si
58%
sort
58%
daronne
57%
part
57%
vrai
57%
taule
56%
quitte
55%
des
54%
bonne
53%
comme
53%
démantelé
53%
frérot
53%
présente
53%
ici
52%
N.I
50%
ennemi
49%
tier-quar
49%
vant
48%
vois
48%
reculé
47%
allumera
46%
fallait
46%
max
46%
sol
46%
toujours
46%
Billie
45%
Jean
45%
même
45%
star
44%
liasses
43%
vie
43%
clients
42%
commission
42%
hip-hop
41%
derrière
40%
mal
40%
antidote
39%
mourir
38%
agréable
37%
crois
36%
papiers
36%
pauses
36%
trop
36%
frère
35%
voix
35%
fallu
32%
tes
32%
tier-quar
31%
argent
30%
bécane
30%
grand
30%
haine
30%
moi
30%
rapporte
29%
y
29%
propre
28%
débrouiller
27%
reconverti
27%
recrache
27%
zéro
27%
avais
26%
investir
26%
Mama
26%
potos
26%
pueblo
26%
commerce
25%
suffiront
25%
antipop
24%
pétard
24%
refroidir
24%
sale
24%
chambre
23%
disait
23%
cagoule
22%
futur
22%
hôtel
22%
irai
22%
mon
22%
donc
21%
fume
21%
mur
21%
disques
20%
musica
20%
rassure
20%
faire
19%
dur
18%
hier
18%
accrochés
17%
aujourd'hui
17%
blessures
17%
doutais
17%
guerre
17%
paix
16%
Avant-hier
15%
laissera
15%
peu-fra
15%
manques
14%
respect
14%
dégaine
13%
équipe
13%
gachette
13%
obtenir
13%
douté
12%
tolère
12%
appuie
11%
font
11%
Vous
11%
vous
11%
désaouler
10%
dégaines
9%
vrais
8%
délai
7%
effraie
7%
prêt
7%
devez
6%
verrez
6%
paierrez
4%

Distribution des résultats

Percentile par nombre de réponses

% des personnes avec chaque résultat

Votre développement - résultats

Vous n’avez pas pris ce quiz